|
|
|
|
| LEADER |
01406nam a2200397 a 4500 |
| 001 |
nkc20071722340 |
| 003 |
CZ PrNK |
| 005 |
20070831093554.0 |
| 007 |
ta |
| 008 |
070601s2007 xr e p 000 0 cze |
| 015 |
|
|
|a cnb001722340
|
| 020 |
|
|
|a 978-80-7314-109-7
|q (brož.)
|z 80-7314-109-4
|
| 035 |
|
|
|a (OCoLC)188559091
|
| 040 |
|
|
|a BOA001
|b cze
|
| 043 |
|
|
|a e-xr---
|
| 072 |
|
7 |
|a 343
|x Trestní právo
|2 Konspekt
|9 16
|
| 072 |
|
7 |
|a 37.016
|x Učební osnovy. Vyučovací předměty. Učebnice
|2 Konspekt
|9 22
|
| 080 |
|
|
|a 343.2
|2 MRF
|
| 080 |
|
|
|a (437.3)
|2 MRF
|
| 080 |
|
|
|a (075.8)
|2 MRF
|
| 100 |
1 |
|
|a Šabata, Karel
|7 mzk2007394973
|4 aut
|
| 245 |
1 |
0 |
|a Trestní právo /
|c Karel Šabata
|
| 260 |
|
|
|a Kunovice :
|b Evropský polytechnický institut,
|c 2007
|
| 300 |
|
|
|a 80 l. ;
|c 30 cm
|
| 500 |
|
|
|a 100 výt.
|
| 504 |
|
|
|a Obsahuje bibliografii
|
| 650 |
0 |
7 |
|a trestní právo hmotné
|7 ph126731
|z Česko
|2 czenas
|
| 650 |
0 |
9 |
|a substantive criminal law
|z Czechia
|2 eczenas
|
| 655 |
|
7 |
|a učebnice vysokých škol
|7 fd133772
|2 czenas
|
| 655 |
|
9 |
|a textbooks (higher)
|2 eczenas
|
| 856 |
4 |
1 |
|u http://www.digitalniknihovna.cz/mzk/uuid/uuid:668a7560-4f78-11e8-afec-005056827e51
|y Digitalizovaný dokument
|x NDK
|
| 910 |
2 |
|
|a BOA001
|b 3-1187.562
|
| 990 |
|
|
|a BK
|
| 995 |
|
|
|a 01
|
| 991 |
|
|
|b 200706
|c NOV
|
| 996 |
6 |
|
|b 2610312787
|c 3-1187.562
|l MZK
|r Sklad / do 1 hodiny
|n 6
|p p.v.
|w 000853140
|u 000010
|a 1
|e BOA001
|j MZK50
|s P
|